000 01272cam a2200313 a 4500
999 _c233522
_d233522
001 12327241
003 Nust
005 20170308141219.0
008 010226r20012000nyu 000 1 eng
010 _a 2001088108
020 _a9780141004785
040 _aDLC
_cDLC
_dDLC
043 _ae-uk-en
050 0 0 _aPR6060.A467
_bD35 2001b
082 0 0 _a823.914
_bJAM
100 1 _aJames, P. D.
245 1 0 _aDeath in holy orders /
_cP.D. James.
250 _a1st American ed.
260 _aNew York :
_bKnopf :
_bDistributed by Random House,
_c2001.
300 _a547 p. ;
_c25 cm.
600 1 0 _aDalgliesh, Adam
_c(Fictitious character)
_vFiction.
650 0 _aPolice
_zEngland
_zEast Anglia
_vFiction.
650 0 _aTheological seminaries
_vFiction.
651 0 _aEast Anglia (England)
_vFiction.
655 7 _aMystery fiction.
_2gsafd
856 4 1 _3Sample text
_uhttp://www.loc.gov/catdir/samples/random045/2001088108.html
856 4 2 _3Publisher description
_uhttp://www.loc.gov/catdir/description/random0414/2001088108.html
906 _a7
_bcbc
_corignew
_d2
_eepcn
_f20
_gy-gencatlg
942 _2ddc
_cBK